000 00940nam a2200277Ia 4500
003 OSt
005 20220926013702.0
006 a|||||r|||| 00| 0
007 ta
008 220923b |||||||| |||| 00| 0 eng d
020 _a0470847905
_c3417.00
037 _b389, 23/10/2006, BRILLIANT BOOK INTERNATIONAL
_cGeneral Book
040 _aRTL
_cRTL
_beng
041 _2eng
_aeng
082 _aX:8:(S:44), P2
100 _aChapman Chris
_9254671
245 0 _aManaging project risk and uncertainty
_b A constructevly simpleapproach to decision making.
260 _aNew York
_bJohn Wiley
_c2002
300 _axiv, 498p
_ccm.
500 _aBib p475-88
650 _a Management IRT Decision Making
_9258029
650 _aCommerce
700 _a Ward Stephen
_9318816
942 _hX:8:(S:44), P2
_cGB
_2CC
999 _c626566
_d626566